Fred Jones tools for teaching: (Record no. 49583)
| 000 -LEADER | |
|---|---|
| fixed length control field | 00448nam a2200133 4500 |
| 020 ## - INTERNATIONAL STANDARD BOOK NUMBER | |
| International Standard Book Number | 9780965026307 |
| 110 ## - MAIN ENTRY--CORPORATE NAME | |
| Corporate name or jurisdiction name as entry element | Jones, Frederic H. |
| 9 (RLIN) | 86706 |
| 245 ## - TITLE STATEMENT | |
| Title | Fred Jones tools for teaching: |
| Remainder of title | discipline, instruction and motivation / |
| Statement of responsibility, etc | Frederic H. Jones. |
| 250 ## - EDITION STATEMENT | |
| Edition statement | 2nd; |
| 260 ## - PUBLICATION, DISTRIBUTION, ETC. (IMPRINT) | |
| Place of publication, distribution, etc | Santa Cruz, CA: |
| Name of publisher, distributor, etc | Frederic H. Jones & Associates; |
| Date of publication, distribution, etc | 2007. |
| 300 ## - PHYSICAL DESCRIPTION | |
| Extent | 339 p. |
| Other physical details | color ill; |
| Accompanying material | DVD; |
| 710 ## - ADDED ENTRY--CORPORATE NAME | |
| Relator code | illustrator. |
| Corporate name or jurisdiction name as entry element | Brian T. Jones. |
| 9 (RLIN) | 86707 |
| 942 ## - ADDED ENTRY ELEMENTS (KOHA) | |
| Source of classification or shelving scheme | |
| Koha item type | Teacher's Resources |
| Withdrawn status | Lost status | Source of classification or shelving scheme | Damaged status | Not for loan | Collection code | Home library | Current library | Shelving location | Date acquired | Total Checkouts | Full call number | Barcode | Checked out | Date last seen | Date checked out | Price effective from | Koha item type |
|---|---|---|---|---|---|---|---|---|---|---|---|---|---|---|---|---|---|
| TEACHERS' RESOURCES | Asian Hope Secondary Library | Asian Hope Secondary Library | SECONDARY | 09/30/2025 | 1 | 371 JON | 208728 | 06/23/2026 | 03/25/2026 | 03/25/2026 | 09/30/2025 | Teacher's Resources |